000 00993nam a2200253 4500
999 _c19348
_d19348
008 240223b ||||| |||| 00| 0 eng d
020 _a9781119853480
082 _aDC 712.6
_bC344 2022
100 _aChace, Teri Dunn.
_953293
245 _aLandscaping for dummies /
_cDunn Chace and five others ; Michael MacCaskey, Bill Marken and Sally Roth, contributors.
250 _a2nd edition.
260 _aHoboken, NJ :
_bJohn Wiley & Sons, Inc.,
_c©2022.
300 _axiv, 416 pages :
_billustrations (some colored) ;
_c23 cm.
500 _aIncludes appendices and index.
650 _aLandscape gardening.
_953294
700 _aGiroux, Philip
_cauthor.
_953295
700 _aBeckstrom, Bob
_eauthor.
_953296
700 _aWalheim, Lance
_eauthor.
_953297
700 _aMacCaskey, Michael
_econtributor.
_953298
700 _aMarken, Bill
_econtributor.
_953299
700 _aRoth, Sally
_econtributor.
_953300
710 _aNational Gardening Association.
_eauthor.
_946171
942 _2ddc
_cDC